| Tag |
First Indicator |
Second Indicator |
Subfields |
| LEADER |
00000cam a2200000Mi 4500 |
| 001 |
in00005489421 |
| 006 |
m o u |
| 007 |
cr |n|---uuuuu |
| 008 |
200312s2020 enk o ||| 0 eng d |
| 005 |
20240917182438.6 |
| 035 |
|
|
|a (OCoLC)on1244007812
|
| 040 |
|
|
|a UKAMD
|b eng
|c UKAMD
|d OCLCO
|
| 035 |
|
|
|a (OCoLC)1244007812
|
| 049 |
|
|
|a TXAM
|
| 245 |
0 |
0 |
|a Criminal: Suffragettes Treatment in prison
|g 1908.
|
| 264 |
|
1 |
|a Marlborough, Wiltshire :
|b Adam Matthew Digital,
|c 2020.
|
| 300 |
|
|
|a 1 online resource.
|
| 336 |
|
|
|a text
|b txt
|2 rdacontent
|
| 337 |
|
|
|a computer
|b c
|2 rdamedia
|
| 338 |
|
|
|a online resource
|b cr
|2 rdacarrier
|
| 490 |
1 |
|
|a AM Scholar: Women's Studies.
|
| 500 |
|
|
|a AMDigital Reference: HO 45/10389/170808.
|
| 534 |
|
|
|p Reproduction of:
|t Criminal: Suffragettes Treatment in prison
|c 1908.
|
| 535 |
1 |
|
|a The National Archives
|
| 542 |
|
|
|f Crown Copyright. Material sourced from The National Archives
|
| 588 |
0 |
|
|a Description based on online resource (viewed on March 12, 2020).
|
| 655 |
|
7 |
|a Electronic books.
|2 local
|
| 710 |
2 |
|
|a Adam Matthew Digital (Firm),
|e digitiser.
|
| 830 |
|
0 |
|a AM Scholar: Women's Studies.
|
| 856 |
4 |
0 |
|u http://proxy.library.tamu.edu/login?url=https://www.amscholar.amdigital.co.uk/Documents/Details/WSGC_Reel1_Vol19
|z Connect to the full text of this electronic book
|t 0
|
| 955 |
|
|
|a Adam Matthew Scholar Women's Studies
|
| 994 |
|
|
|a 92
|b TXA
|
| 999 |
f |
f |
|s adabe32c-c945-4a66-abcd-f9ed24e6b80a
|i ce02581d-68f6-4f7d-aa51-30d3214788f2
|t 0
|
| 952 |
f |
f |
|a Texas A&M University
|b College Station
|c Electronic Resources
|d Available Online
|t 0
|h Library of Congress classification
|
| 998 |
f |
f |
|t 0
|l Available Online
|